000 00457nam a2200181Ia 4500
001 19308
003 IN-NITTTR
005 20251114233223.0
008 251113s9999||||xx |||||||||||||| ||eng||
040 _beng
040 _cIN-NITTTR
041 _aeng
082 _a519.4 A54I
100 _aAtkinson, L V.
245 3 _aAn introduction to numerical methods with pascal. /
_cAtkinson, L V., Harley, P. J.
700 _a Harley, P. J.
942 _2ddc
_cBK
999 _c21942
_d21942